| 000 | 00281 a2200121 4500 | ||
|---|---|---|---|
| 999 |
_c321796 _d321796 |
||
| 001 | 86723 | ||
| 003 | NUST | ||
| 005 | 20180123111330.0 | ||
| 008 | 180123b xxu||||| |||| 00| 0 eng d | ||
| 082 | _a891.4394 SHA | ||
| 100 |
_aDr Sher Shah Syed _99583 |
||
| 245 |
_aDil Ki Basaat _hUrdu |
||
| 260 |
_aKarachi _bShehr Zada _c2001 |
||
| 300 | _a246p. | ||
| 942 |
_aCAE NUST _cBK _k891.4394 SHA _2ddc |
||